000 00488nam a22001577a 4500
082 _a891.439
_bKUL
245 _aKulyat-e-Ghulam Abbas /
260 _aLahore:
_bAl Hamd Publications,
_c2019.
300 _a792 p.
_c22cm,
563 _aHB.
700 _aMuhammad Asim Butt.
_99192
880 _6100-01\(3\r
_aمحمد عاصم بٹ
880 _6245-02\(03\r
_a/کلیاتِ غلام عباس
880 _6260-03\(03\r
_aلاہور
_bالحمد پبلیکیشنز
_c2019
942 _2ddc
_cBK
999 _c614297
_d614297